| 000 | 00864nam a22003017a 4500 | ||
|---|---|---|---|
| 005 | 20251121152818.0 | ||
| 008 | 230508b2018 |||||||| |||| 00| 0 spa d | ||
| 020 | _a9788417526146 | ||
| 041 | _aESP | ||
| 082 | _a363.256.5 D542t | ||
| 100 | _aDíaz Santana, Oscar Francisco | ||
| 245 | _aTratado de grafística y documentoscopia: volumen 1. parte teórica | ||
| 260 | _aEspaña | ||
| 260 | _bDelta publicaciones | ||
| 260 | _c2018 | ||
| 300 | _a310 páginas | ||
| 490 | _aInvestigación Criminal | ||
| 650 | _aPRUEBA DOCUMENTAL | ||
| 650 | _aPERITACIÓN CALIGRÁFICA | ||
| 650 | _aCOTEJO DE FIRMAS | ||
| 650 | _aCOTEJO DE LETRAS | ||
| 650 | _aHISTORIA DE LA ESCRITURA | ||
| 650 | _aFALSIFICACIONES DE LA FIRMA | ||
| 650 | _aMEDIDAS DE SEGURIDAD | ||
| 650 | _aQUÍMICA DEL PAPEL | ||
| 650 | _aMÉTODOS CROMATOGRÁFICOS | ||
| 942 |
_cBK _2ddc |
||
| 999 |
_c13549 _d13549 |
||